| 000 | 00923nam a22002657a 4500 | ||
|---|---|---|---|
| 003 | CBULib | ||
| 005 | 20240918085421.0 | ||
| 008 | 230502b |||||||| |||| 00| 0 eng d | ||
| 020 | _a9781498783576 | ||
| 040 |
_aCBULib _cCBULib _bEnglish _erda |
||
| 041 | _aeng | ||
| 050 | _aQC 760 Car | ||
| 100 | 1 |
_aCardoso, José Roberto _9368 |
|
| 245 |
_aElectromagnetics through the finite element method : a simplified approach using Maxwell's equations _c/ by José Roberto Cardoso |
||
| 260 |
_aNew York : _bCRC Press, _c2017 |
||
| 300 | _axiii, 198 pages : illustrations | ||
| 336 |
_2rdacontent _aText | _btxt |
||
| 337 |
_2rdamedia _aUnmediated | _bn |
||
| 338 |
_2rdacarrier _aVolume _bnc |
||
| 504 | _aIncludes bibliographical references and index. | ||
| 650 | 0 |
_aMAXWELL EQUATIONS--NUMERICAL SOLUTIONS _9369 |
|
| 650 | 0 |
_aELECTROMAGNETISM--MATHEMATICS _9370 |
|
| 650 | 0 |
_aFINITE ELEMENT METHOD _9371 |
|
| 942 |
_c002 _2lcc |
||
| 999 |
_c77550 _d77550 |
||